[Event "Steyr Landesliga 2122"]
[Site "Austria"]
[Date "2021.11.13"]
[Round "2.7"]
[White "Pudmich, Guenter"]
[Black "Sticher, Othmar"]
[Result "0-1"]
[WhiteElo "1726"]
[BlackElo "1898"]
[PlyCount "102"]
[EventDate "2021.10.16"]
[EventType "team-tourn"]
[EventRounds "11"]
[EventCountry "AUT"]
[SourceTitle "EXT 2023"]
[Source "ChessBase"]
[SourceDate "2022.10.05"]
[SourceVersion "1"]
[SourceVersionDate "2022.10.05"]
[SourceQuality "1"]
[WhiteTeam "Baernbach"]
[BlackTeam "Voitsberg"]
[WhiteTeamCountry "AUT"]
[BlackTeamCountry "AUT"]

1. d4 Nf6 2. c4 g6 3. Nc3 d5 4. e3 Bg7 5. a3 0-0 6. c5 c6 7. f4 Bf5 8. Nf3 Nbd7 9. Be2 Ne4 10. Nxe4 Bxe4 11. Bd2 f6 12. 0-0 Bxf3 13. Bxf3 e5 14. Bc3 exf4 15. exf4 f5 16. Qc2 Nf6 17. g3 Qd7 18. Rfe1 Rfe8 19. Kf2 Rxe1 20. Rxe1 Re8 21. Rxe8+ Qxe8 22. b4 a6 23. a4 Ne4+ 24. Bxe4 Qxe4 25. Qxe4 dxe4 26. Ke3 Kf7 27. Kd2 Bf8 28. Bb2 Ke6 29. Kc3 Kd5 30. Bc1 Bg7 31. Be3 Bf6 32. h3 h6 33. h4 Bd8 34. Kb3 Bc7 35. Kc3 g5 36. hxg5 hxg5 37. fxg5 Bxg3 38. g6 Ke6 39. Bg5 f4 40. Kd2 Bh2 41. g7 Kf7 42. Bf6 Bg1 43. Be5 f3 44. Bf6 e3+ 45. Kd3 e2 46. Kd2 Be3+ 47. Ke1 Bc1 48. d5 cxd5 49. Bc3 Be3 50. Be5 d4 51. b5 d3 0-1